Nationwide quarterly review of house prices (Record no. 78194)

MARC details
000 -LEADER
fixed length control field 01070cab a2200229 4500
001 - CONTROL NUMBER
control field L136205
008 - FIXED-LENGTH DATA ELEMENTS--GENERAL INFORMATION
fixed length control field 070117n2007 000 0 eng u
035 ## - SYSTEM CONTROL NUMBER
System control number (Sirsi) u136205
041 0# - LANGUAGE CODE
Language code of text/sound track or separate title eng
050 ## - LIBRARY OF CONGRESS CALL NUMBER
Classification number 333.333 $2 18
110 1# - MAIN ENTRY--CORPORATE NAME
Corporate name or jurisdiction name as entry element Nationwide Building Society
9 (RLIN) 1019
245 00 - TITLE STATEMENT
Title Nationwide quarterly review of house prices
Remainder of title December 2006
Medium [electronic resource]
260 ## - PUBLICATION, DISTRIBUTION, ETC.
Place of publication, distribution, etc. London
Name of publisher, distributor, etc. Nationwide
Date of publication, distribution, etc. 2007
490 #0 - SERIES STATEMENT
Series statement Nationwide Quarterly Review of House Prices
Volume/sequential designation December 2006
520 ## - SUMMARY, ETC.
Summary, etc. Stronger house price growth across the whole of the UK pushed the annual rate of house price inflation in the UK up to 9.3% in the fourth quarter of 2006. This represents a £40 increase a day and pushed the price of a typical house up to £172,065. Tables.
590 ## - LOCAL NOTE (RLIN)
Local note KA
650 24 - SUBJECT ADDED ENTRY--TOPICAL TERM
Topical term or geographic name entry element NATIONWIDE QUARTERLY REVIEW OF HOUSE PRICES
651 #4 - SUBJECT ADDED ENTRY--GEOGRAPHIC NAME
Geographic name United Kingdom
Chronological subdivision
690 ## - LOCAL SUBJECT ADDED ENTRY--TOPICAL TERM (OCLC, RLIN)
Topical term or geographic name as entry element PROPERTY-RESIDENTIAL PROPERTY-RESIDENTIAL PROPERTY MARKET
856 40 - ELECTRONIC LOCATION AND ACCESS
Uniform Resource Identifier <a href="https://nationwide.co.uk/hpi/review.htm">https://nationwide.co.uk/hpi/review.htm</a>
Public note View the review free of charge at http://nationwide.co.uk...
942 ## - ADDED ENTRY ELEMENTS (KOHA)
Suppress in OPAC 0
Holdings
Withdrawn status Lost status Source of classification or shelving scheme Damaged status Not for loan Home library Current library Shelving location Date acquired Total Checkouts Full call number Barcode Date last seen Copy number Price effective from Koha item type
    Dewey Decimal Classification     Virtual Virtual Online 17/01/2007   ONLINE PUBLICATION 136205-1001 06/08/2019 1 06/08/2019 Book